| 000 | 00717cab a2200229 4500 | ||
|---|---|---|---|
| 001 | WB2929-10 | ||
| 008 | 090401t1993 xxu||||| |||| 00| 0 eng d | ||
| 035 | _a(Sirsi) u36781 | ||
| 041 | _aeng | ||
| 245 | _aCountryside Stewardship success | ||
| 260 | _c1993 | ||
| 350 | _a0 | ||
| 490 |
_aCS Monthly : Rural Practice _v2(10) July-August 1993, 4(1) |
||
| 520 | _aCountryside Stewardship attracted more than 1900 applications in 1992 with the Countryside Commission making agreement offers on more than 1300. | ||
| 650 | _aCOUNTRYSIDE STEWARDSHIP | ||
| 650 | _aLANDSCAPE CONSERVATION | ||
| 650 | _aPUBLIC ACCESS | ||
| 690 | _aCONSERVATION | ||
| 690 | _aRURAL PRACTICE | ||
| 942 | _n0 | ||
| 948 | _c04/03/1997 | ||
| 999 |
_c23801 _d23801 |
||